000 00272nam a2200109Ia 4500
008 220204s9999 xx 000 0 und d
082 _a658.7(035)
_bALJ
245 0 _aPurchasing handbook
260 _aNew York
_bMcGraw Hill
_c1966
700 _aAljain, George W
942 _cBK
999 _c22981
_d22981